[Event "SLO-chT2 East"]
[Site "Slovenia"]
[Date "2017.11.25"]
[Round "6"]
[White "Mitrovic, Boris1111"]
[Black "Ristic, Nikola"]
[Result "1-0"]
[WhiteElo "1961"]
[BlackElo "1890"]
[PlyCount "62"]
[EventDate "2017.09.30"]
[EventType "team-tourn"]
[EventRounds "9"]
[EventCountry "SLO"]
[SourceTitle "EXT 2019"]
[Source "ChessBase"]
[SourceDate "2018.10.10"]
[SourceVersion "1"]
[SourceVersionDate "2018.10.10"]
[SourceQuality "1"]

1. c4 Nf6 2. Nc3 g6 3. e4 d6 4. d4 Bg7 5. Bd3 0-0 6. Nge2 c5 7. d5 e6 8. 0-0 exd5 9. exd5 Nbd7 10. f4 a6 11. h3 b6 12. a4 Bb7 13. Be3 Ne8 14. Rb1 f5 15. b4 Rb8 16. Qb3 Nef6 17. a5 bxa5 18. bxc5 Bxd5 19. Qa3 Qe7 20. Bf2 Nxc5 21. Nxd5 Nxd5 22. cxd5 Ne4 23. Rxb8 Rxb8 24. Be3 Nc3 25. Rf3 Nxe2+ 26. Bxe2 Rb1+ 27. Kh2 Ra1 28. Qd3 a4 29. Bd4 Bxd4 30. Qxd4 Re1 31. Re3 Qd7 1-0

[Event "SLO-chT2 East"]
[Site "Slovenia"]
[Date "2013.11.16"]
[Round "6"]
[White "Ristic, Nikola"]
[Black "Ivekovic, Mario"]
[Result "0-1"]
[WhiteElo "2031"]
[BlackElo "2245"]
[PlyCount "102"]
[EventDate "2013.09.07"]
[EventType "team-tourn"]
[EventRounds "9"]
[EventCountry "SLO"]
[SourceTitle "EXT 2015"]
[Source "ChessBase"]
[SourceDate "2014.11.20"]
[SourceVersion "1"]
[SourceVersionDate "2014.11.20"]
[SourceQuality "1"]

1. b3 d5 2. Bb2 c5 3. e3 Nc6 4. Bb5 Nf6 5. Nf3 Bg4 6. Bxc6+ bxc6 7. d3 e6 8. Nbd2 Be7 9. Qe2 0-0 10. h3 Bxf3 11. Qxf3 Nd7 12. 0-0 Bf6 13. Bxf6 Qxf6 14. Qxf6 Nxf6 15. c4 Rfd8 16. Nf3 Nd7 17. Rfd1 e5 18. e4 f6 19. Kf1 a5 20. Nd2 Nf8 21. Ke2 Ne6 22. Nf3 Kf7 23. g3 dxc4 24. dxc4 Nd4+ 25. Nxd4 cxd4 26. c5 Rdb8 27. Rab1 Rb5 28. Rdc1 Rab8 29. Rc4 Ke6 30. Rbc1 Rb4 31. Kd3 a4 32. Rxb4 Rxb4 33. Rc4 Rxc4 34. Kxc4 axb3 35. Kxb3 Kd7 36. f4 Kc7 37. Kc4 g5 38. fxg5 fxg5 39. g4 Kb7 40. Kb3 Ka6 41. Kb4 h6 42. Ka4 d3 43. Kb3 Kb5 44. Kc3 Kxc5 45. Kxd3 Kb4 46. Kc2 Kc4 47. Kd2 Kd4 48. Kc2 c5 49. Kd2 Kxe4 50. Kc3 Kd5 51. a4 e4 0-1

[Event "SLO-chT2 East"]
[Site "Slovenia"]
[Date "2013.10.12"]
[Round "3"]
[White "Bohak, Janko"]
[Black "Ristic, Nikola"]
[Result "1/2-1/2"]
[WhiteElo "2038"]
[BlackElo "2031"]
[PlyCount "64"]
[EventDate "2013.09.07"]
[EventType "team-tourn"]
[EventRounds "9"]
[EventCountry "SLO"]
[SourceTitle "EXT 2015"]
[Source "ChessBase"]
[SourceDate "2014.11.20"]
[SourceVersion "1"]
[SourceVersionDate "2014.11.20"]
[SourceQuality "1"]

1. e4 c5 2. Nc3 d6 3. g3 Nc6 4. Bg2 Nf6 5. d3 a6 6. Nh3 e6 7. 0-0 Be7 8. f4 Qc7 9. a4 Bd7 10. Be3 Rc8 11. b3 Nd4 12. Nf2 h5 13. h3 Bc6 14. Ne2 e5 15. c3 Nxe2+ 16. Qxe2 b6 17. c4 b5 18. axb5 axb5 19. f5 b4 20. Ra6 Kd7 21. Rfa1 Ra8 22. Bf3 g6 23. g4 hxg4 24. hxg4 Rxa6 25. Rxa6 Ra8 26. Rxa8 Bxa8 27. g5 Nh7 28. f6 Bd8 29. Ng4 Bc6 30. Qh2 Nf8 31. Qh8 Ke8 32. Nh6 Bd7 1/2-1/2

[Event "SLO-chT2 East"]
[Site "Slovenia"]
[Date "2013.10.12"]
[Round "2"]
[White "Ristic, Nikola"]
[Black "Florjancic, Rudolf"]
[Result "1/2-1/2"]
[WhiteElo "2031"]
[BlackElo "1872"]
[PlyCount "85"]
[EventDate "2013.09.07"]
[EventType "team-tourn"]
[EventRounds "9"]
[EventCountry "SLO"]
[SourceTitle "EXT 2015"]
[Source "ChessBase"]
[SourceDate "2014.11.20"]
[SourceVersion "1"]
[SourceVersionDate "2014.11.20"]
[SourceQuality "1"]

1. b3 d5 2. Bb2 Nd7 3. Nf3 Ngf6 4. e3 e6 5. Be2 b6 6. 0-0 Bb7 7. c4 Be7 8. Nc3 0-0 9. d4 Re8 10. Qc2 Rc8 11. Rfd1 c6 12. Bd3 Nf8 13. Ne5 N6d7 14. f4 f5 15. Qe2 Nf6 16. h3 Bd6 17. cxd5 cxd5 18. Nb5 Bb8 19. Rac1 a6 20. Na3 b5 21. Rxc8 Bxc8 22. Nc6 Qb6 23. Nxb8 Qxb8 24. Nc2 N8d7 25. Ba3 Bb7 26. Rc1 g6 27. Qd2 Ne4 28. Qb4 Ndf6 29. Ne1 g5 30. fxg5 Nxg5 31. Qd6 Qxd6 32. Bxd6 Rc8 33. Rxc8+ Bxc8 34. Nf3 Nge4 35. Bb4 h6 36. Ne5 Kg7 37. Be2 Nd7 38. Nd3 Kf6 39. Nf4 Bb7 40. Nh5+ Kg6 41. Nf4+ Kf6 42. Nh5+ Kg6 43. Nf4+ 1/2-1/2